00614 2200229 4500001002100000005001700021008004100038035002400079090001500103100001900118245002900137250001100166260006200177300002700239500002700266500002700293650001400320850001500334980001400349985000600363999001500369YOGYA-0209000001028720090227022028.0 ind  0010-020900000010287 a311bHad S aHADI, Sutrisno aStatistikcSutrisno Hadi aCet. 2 aYogyakartabYayasan Penerbit Fakultas Psikologi UGMc1983 a... jilidbilusc21 cm aYang diterima : Jil. 3 aBibliografi : hlm. 522 aStatistik aYOPDYOG(B) a11-7-2005 a1 aP000027819